Statistics for What continent are these places on - Tile Select

Click here to take the quiz!

General Stats

  • This quiz has been taken 36 times
  • The average score is 27 of 48

Answer Stats

QuestionTileSelect% Correct
Places not in the AmericasNo
91%
Places not in EuropeNo
91%
Places not in AsiaNo
91%
Places not in AsiaNo
87%
Places not in EuropeNo
87%
Places not in the AmericasNo
83%
Places not in AsiaNo
83%
Places not in the AmericasNo
83%
Places not in the AmericasNo
83%
Places not in AsiaNo
83%
Places not in AsiaNo
78%
Places not in AsiaNo
78%
Places not in EuropeNo
78%
Places not in EuropeNo
78%
Places not in the AmericasNo
78%
Places not in the AmericasNo
78%
Places not in the AmericasNo
78%
Places not in the AmericasNo
78%
Places not in EuropeNo
74%
Places not in EuropeYes
74%
Places not in the AmericasNo
74%
Places not in the AmericasNo
74%
Places not in AsiaNo
70%
Places not in the AmericasNo
70%
Places not in EuropeNo
70%
Places not in the AmericasYes
61%
Places not in AsiaNo
52%
Places not in AsiaYes
48%
Places not in EuropeYes
48%
Places not in AsiaNo
48%
Places not in AsiaYes
48%
Places not in EuropeNo
48%
Places not in AsiaYes
43%
Places not in EuropeNo
39%
Places not in EuropeYes
39%
Places not in EuropeYes
39%
Places not in EuropeYes
39%
Places not in the AmericasYes
39%
Places not in the AmericasYes
35%
Places not in AsiaYes
26%
Places not in AsiaYes
17%
Places not in the AmericasYes
13%
Places not in AsiaYes
13%
Places not in EuropeYes
13%
Places not in EuropeYes
13%
Places not in EuropeYes
4%
Places not in the AmericasYes
4%
Places not in AsiaYes
0%

Score Distribution

Percentile by Number Answered

Percent of People with Each Score

Your Score History

You have not taken this quiz